<?xml version="1.0" encoding="UTF-8"?>
<record
    xmlns:xsi="http://www.w3.org/2001/XMLSchema-instance"
    xsi:schemaLocation="http://www.loc.gov/MARC21/slim http://www.loc.gov/standards/marcxml/schema/MARC21slim.xsd"
    xmlns="http://www.loc.gov/MARC21/slim">

  <leader>00745nam a22001817a 4500</leader>
  <datafield tag="952" ind1=" " ind2=" ">
    <subfield code="0">0</subfield>
    <subfield code="1">0</subfield>
    <subfield code="2">ddc</subfield>
    <subfield code="4">0</subfield>
    <subfield code="7">0</subfield>
    <subfield code="8">NFIC</subfield>
    <subfield code="a">ASL</subfield>
    <subfield code="b">ASL</subfield>
    <subfield code="c">SIC</subfield>
    <subfield code="d">2022-04-22</subfield>
    <subfield code="e">Donated by Prof. Sirajul Islam FRHS</subfield>
    <subfield code="h">V-1</subfield>
    <subfield code="l">0</subfield>
    <subfield code="o">080 SPE</subfield>
    <subfield code="p">116549</subfield>
    <subfield code="r">2022-04-22 00:00:00</subfield>
    <subfield code="t">C-1</subfield>
    <subfield code="w">2022-04-22</subfield>
    <subfield code="y">BK</subfield>
    <subfield code="z">RARE</subfield>
  </datafield>
  <datafield tag="999" ind1=" " ind2=" ">
    <subfield code="c">28580</subfield>
    <subfield code="d">28580</subfield>
  </datafield>
  <controlfield tag="003">BDDh-ASL</controlfield>
  <controlfield tag="005">20231015030938.0</controlfield>
  <controlfield tag="008">220422s1986    b  ||||| |||| 00| 0 eng d</controlfield>
  <datafield tag="040" ind1=" " ind2=" ">
    <subfield code="c">BDDh-ASL</subfield>
  </datafield>
  <datafield tag="082" ind1=" " ind2=" ">
    <subfield code="a">080</subfield>
    <subfield code="b">SPE</subfield>
  </datafield>
  <datafield tag="110" ind1="1" ind2=" ">
    <subfield code="9">6100</subfield>
    <subfield code="a">National Archives of Bangladesh</subfield>
  </datafield>
  <datafield tag="245" ind1="0" ind2="0">
    <subfield code="a">Speeches of Sher-e-Bangla A. K. Fazlul Huq At the Legislative Council of Bengal:</subfield>
    <subfield code="b">Volume-01, (1918-1937) /</subfield>
  </datafield>
  <datafield tag="260" ind1=" " ind2=" ">
    <subfield code="a">Dhaka: </subfield>
    <subfield code="b">National Archives of Bangladesh</subfield>
    <subfield code="c">1986.</subfield>
  </datafield>
  <datafield tag="300" ind1=" " ind2=" ">
    <subfield code="a">98 p. ; </subfield>
    <subfield code="c">25 cm. </subfield>
  </datafield>
  <datafield tag="600" ind1="1" ind2="0">
    <subfield code="9">6101</subfield>
    <subfield code="a">A. K. Fazlul Huq</subfield>
    <subfield code="c">Sher-e-Bangla</subfield>
  </datafield>
  <datafield tag="650" ind1=" " ind2="0">
    <subfield code="a">Speeches, &#x9AC;&#x995;&#x9CD;&#x9A4;&#x9C3;&#x9A4;&#x9BE;, Baktr&#x325;t&#x101;, &#x9AD;&#x9BE;&#x9B7;&#x9A3;, &#x9AC;&#x995;&#x9CD;&#x9A4;&#x9C3;&#x9A4;&#x9BE;&#x9AE;&#x9BE;&#x9B2;&#x9BE;, Baktr&#x325;t&#x101;m&#x101;l&#x101;, speech, address, lecture, oration, say, utterance</subfield>
    <subfield code="9">4148</subfield>
  </datafield>
  <datafield tag="942" ind1=" " ind2=" ">
    <subfield code="2">ddc</subfield>
    <subfield code="c">BK</subfield>
  </datafield>
</record>
